000 00455nam a2200193Ia 4500
008 210210b1951 xxu||||| |||| 00| 0 eng d
041 _aeng
082 _a333/63
100 _aKUMARAPPA (J C)
245 _aOverall plan for rural development
260 _aMadhya Pradesh
_bMaganwadi
_c1951
650 _arural
650 _aplan
650 _aOverall
650 _afor
650 _adevelopment
690 _aEconomic Planning
906 _a004235
999 _c123685
_d123685